| 000 | 00783nam a2200241 a 4500 | ||
|---|---|---|---|
| 999 |
_c10979 _d10979 |
||
| 001 | 10979 | ||
| 003 | BD-JhCC | ||
| 005 | 20221124134023.0 | ||
| 008 | 190614s2017 bg |||| |||| 000 0 ben d | ||
| 020 | _a9789849265931 | ||
| 035 | _a(BD-JhCC)10979 | ||
| 040 |
_aBD-JhCC _dBD-JhCC |
||
| 041 | _aben | ||
| 082 |
_a006.6869 _bEKR 2017 |
||
| 100 | _aইকরাম, মো. | ||
| 245 |
_aফ্রিল্যান্সিং গুরু : _bঅনলাইন আয়ের চাবিকাঠি / _cমো. ইকরাম |
||
| 260 |
_aঢাকা : _bআদর্শ, _c২০১৭ |
||
| 300 |
_a১৫৭ পৃ. : _c২১ সেমি. |
||
| 650 | _aFreelancing | ||
| 650 | _aFreelance graphics | ||
| 650 | _aPresentation graphics software | ||
| 942 |
_2ddc _cBK _01 |
||